The role of the british council (Record no. 76447)
[ view plain ]
| 000 -CABECERA | |
|---|---|
| campo de control de longitud fija | 00518nam a2200193 a 4500 |
| 005 - FECHA Y HORA DE LA ÚLTIMA TRANSACCIÓN | |
| campo de control | 20210219153426.0 |
| 008 - ELEMENTOS DE LONGITUD FIJA--INFORMACIÓN GENERAL | |
| campo de control de longitud fija | 991125n 000 0 eng u |
| 035 ## - NÚMERO DE CONTROL DEL SISTEMA | |
| Número de control de sistema | UPN01000098099 |
| 100 1# - ASIENTO PRINCIPAL--NOMBRE PERSONAL | |
| Nombre de persona | Bate, Gill |
| 222 #0 - TÍTULO CLAVE | |
| Título clave | EDUCATION FOR INFORMATION |
| 245 00 - MENCIÓN DE TÍTULO | |
| Título | The role of the british council |
| 300 ## - DESCRIPCIÓN FÍSICA | |
| Extensión | 317-324 |
| 362 0# - FECHAS DE PUBLICACIÓN Y/O DESIGNACIÓN SECUENCIAL | |
| Fecha de publicación y/o designación secuencial | 1992 Vol. 10, no. 4 dec. |
| 653 0# - TERMINO DE INDIZACION - NO CONTROLADO | |
| Término no controlado | CENTROS DE INFORMACION |
| 653 0# - TERMINO DE INDIZACION - NO CONTROLADO | |
| Término no controlado | CONSEJO BRITANICO |
| 653 0# - TERMINO DE INDIZACION - NO CONTROLADO | |
| Término no controlado | RELACIONES INTERNACIONALES |
| 904 ## - ELEMENTOS DE DATOS D LOCAL, LDD (RLIN) | |
| a | AC |
| b | 035910 |
| 905 ## - TIPO DE MATERIAL | |
| Tipo de material | Articulo |
No items available.
